Score 0/46 Timer 10:00
0 Plays Today
% Correct
Iceland
82.8%
Lithuania
82.8%
Estonia
81.7%
Finland
80.6%
Ireland
80.6%
Latvia
80.6%
Ukraine
80.6%
Poland
79.6%
Germany
78.5%
United Kingdom
78.5%
Norway
77.4%
Portugal
77.4%
Russia
77.4%
Spain
77.4%
Sweden
77.4%
Italy
76.3%
France
75.3%
Switzerland
73.1%
Belarus
72%
Romania
72%
Slovakia
72%
Greece
71%
Czech Republic
68.8%
% Correct
Netherlands
68.8%
Belgium
67.7%
Moldova
67.7%
Turkey
67.7%
Croatia
64.5%
Hungary
62.4%
Luxembourg
60.2%
Denmark
58.1%
Vatican City
58.1%
Austria
57%
Bulgaria
55.9%
Serbia
52.7%
Albania
50.5%
Slovenia
49.5%
North Sea
48.4%
Atlantic Ocean
47.3%
Montenegro
46.2%
B and H
45.2%
Macedonia
44.1%
Kosovo
41.9%
Baltic Sea
40.9%
English Channel
39.8%
Mediterranean Sea
20.4%
Come Together.
Have Fun.
All Virtual.
We all need to come together. Play Sporcle's virtual live trivia to have fun, connect with people, and get your trivia on. Join a live hosted trivia game for your favorite pub trivia experience done virtually. If a virtual private party is more your thing, go here for details.

You're not logged in!

Compare scores with friends on all Sporcle quizzes.
OR
Log In

Sporcle TV

Today on Sporcle TV


Watch our educational content, quiz creation guides, and fun videos on Sporcle TV.

Show Comments

Extras

Created Feb 9, 2020ReportNominate
Tags:Europe Quiz, map

Top Quizzes Today


Score Distribution

Paid Content

Your Account Isn't Verified!

In order to create a playlist on Sporcle, you need to verify the email address you used during registration. Go to your Sporcle Settings to finish the process.

Report this User

Report this user for behavior that violates our Community Guidelines.

Details: